00828nam a2200229Ia 4500003000400000005001700004008004100021020001800062040001800080041000800098082002200106100002300128245006500151250001200216260004500228300001100273650006100284650003500345942003500380999001900415952016400434OSt20220218125514.0210716s2011 xx 000 0 und d a9789380618418 cAIMIT LIBRARY aeng a658.001 21bGHOB aGhosh, B N.920892 aManagerial economics and business decisions /cBy B.N.Ghosh. a1st ed. aNew Delhi :bAne Books Pvt Ltd ,c2011 . axi,459 aAlternative theories of firms and Decision Rules.920893 aAnalysis of Production.920894 2ddccBKe1st ed.k658.001 GHOB c207577d207577 00102ddc40708MBAaAIMITbAIMITd2012-10-19g395.00iBill no:775; Bill dt:2012-10-04l0o658.001 GHOBpMBA10143r2026-05-23 00:00:00v296.25w2021-07-16yBK